| 000 | 00442nam a2200157 a 4500 | ||
|---|---|---|---|
| 001 | 5656 | ||
| 003 | CDMR | ||
| 005 | 20130313132243.0 | ||
| 008 | 130130s2007||||||||||||||||||||||||||||d | ||
| 020 | _a9788483800348 | ||
| 040 |
_aCDMR _bcat _cCPC LLEIDA |
||
| 245 | 0 | 0 |
_aViladrich _b: primitiu i perdurable _cConcha Lomba, Chus Tudelilla |
| 260 |
_c2007 _aGeneralitat de Catalunya _bBarcelona |
||
| 710 |
_92846 _aAragón _bGobierno |
||
| 942 |
_cMON _2ddc |
||
| 999 |
_c5656 _d5656 |
||